[Event "Oebro CXU Nytaar 2025"]
[Site "Copenhagen"]
[Date "2025.12.30"]
[Round "6.8"]
[White "Lauritsen, Martin Lee"]
[Black "Hansen, Soren Bech"]
[Result "0-1"]
[WhiteElo "2115"]
[BlackElo "2243"]
[WhiteFideId "1408658"]
[BlackFideId "1400681"]
[EventDate "2025.12.27"]
[EventType "swiss"]
[EventRounds "7"]
[EventCountry "DEN"]
[SourceTitle "Live v. Obro Skakforening"]

1. e4 c5 2. Nf3 Nc6 3. d4 cxd4 4. Nxd4 Qb6 5. Nb3 Nf6 6. Nc3 e6 7. Be3 Qc7 8. Bd3 Bb4 9. f4 Bxc3+ 10. bxc3 d6 11. O-O e5 12. h3 exf4 13. Bxf4 Ne5 14. Qd2 Be6 15. Nd4 a6 16. a4 O-O 17. Rab1 Nfd7 18. Kh1 Rac8 19. Ne2 Nc5 20. Ra1 Qd7 21. a5 Nexd3 22. cxd3 Nb3 23. Qe3 Nxa1 24. Rxa1 d5 25. e5 Qb5 26. Qg3 Bf5 27. Rd1 Bg6 28. Bg5 Qxa5 29. h4 h5 30. Be7 Rfe8 31. Bb4 Qa4 32. Rf1 a5 33. Bd6 Qg4 34. Qe3 Qxh4+ 35. Kg1 Qd8 36. Qd4 Rc6 37. Rf2 Rxd6 38. exd6 Qxd6 39. g3 Qe5 40. Qxe5 Rxe5 41. Nf4 Re3 42. Rd2 Rxg3+ 43. Kf2 h4 44. Rb2 Bxd3 45. Rxb7 Be4 46. Ne2 Rg2+ 47. Ke3 h3 48. Kd4 0-1

[Event "Oebro CXU Nytaar 2025"]
[Site "Copenhagen"]
[Date "2025.12.30"]
[Round "6.9"]
[White "Veiergang, Oscar Jacob"]
[Black "Thuesen, Mogens Henrik"]
[Result "1/2-1/2"]
[WhiteElo "2208"]
[BlackElo "2113"]
[EventDate "2025.12.27"]
[EventType "swiss"]
[EventRounds "7"]
[EventCountry "DEN"]
[SourceTitle "Live v. Obro Skakforening"]

1. e4 e6 2. d4 d5 3. Nd2 dxe4 4. Nxe4 Bd7 5. Nf3 Bc6 6. Bd3 Nd7 7. Qe2 Ngf6 8. Neg5 Bxf3 9. Nxf3 Be7 10. O-O O-O 11. Rd1 Re8 12. c3 c6 13. Ne5 Qb6 14. Be3 Qc7 15. Bf4 Bd6 16. Bg3 Rad8 17. Rac1 g6 18. b4 Nh5 19. Nf3 Nf4 20. Bxf4 Bxf4 21. Rc2 e5 22. Re1 Kf8 23. Qd1 f5 24. dxe5 Nxe5 25. Nxe5 Rxe5 26. Rxe5 Qxe5 27. g3 Qd5 28. gxf4 Qxd3 29. Qxd3 Rxd3 30. Kg2 Ke7 31. c4 Kd6 32. Re2 Rd4 33. c5+ Kd7 34. a3 Rxf4 35. Rd2+ Ke7 36. f3 Rc4 37. Re2+ Kf6 38. Rd2 a5 39. bxa5 Rxc5 40. Rd7 Rxa5 41. Rxb7 Rxa3 42. Rxh7 Kg5 43. Kg3 f4+ 44. Kg2 Ra2+ 45. Kh3 Rc2 46. Rd7 Rc3 47. Kg2 c5 48. Rd5+ Kh4 49. Rd6 Rc2+ 50. Kg1 Kg5 51. h4+ Kf5 52. Rd5+ Kf6 53. Rd6+ Kf7 54. Kf1 Kg7 55. Ke1 c4 56. Rd4 c3 57. Rxf4 Rh2 1/2-1/2

[Event "Oebro CXU Nytaar 2025"]
[Site "Copenhagen"]
[Date "2025.12.30"]
[Round "6.10"]
[White "Moe, Mogens"]
[Black "Nilssen, Ellen Fredericia"]
[Result "1-0"]
[WhiteElo "2097"]
[BlackElo "2142"]
[WhiteFideId "1400550"]
[BlackFideId "1441230"]
[EventDate "2025.12.27"]
[EventType "swiss"]
[EventRounds "7"]
[EventCountry "DEN"]
[SourceTitle "Live v. Obro Skakforening"]

1. e4 e6 2. d4 d5 3. Nd2 c5 4. exd5 exd5 5. Ngf3 Nc6 6. Bb5 cxd4 7. Qe2+ Qe7 8. Nxd4 Bd7 9. N2b3 Qxe2+ 10. Bxe2 Bd6 11. O-O Nf6 12. h3 O-O 13. Be3 Rfe8 14. Rad1 Ne5 15. Nb5 Bb8 16. Nc5 Bc8 17. b3 a6 18. Nc3 Rd8 19. N5a4 Bd6 20. Nb6 Rb8 21. Ncxd5 Nxd5 22. Nxd5 Bf5 23. c4 b5 24. c5 Bf8 25. Nb4 Rdc8 26. Nxa6 Rb7 27. f4 Nc6 28. Bf3 b4 29. g4 Re7 30. Bf2 Be4 31. Be2 h5 32. Rfe1 hxg4 33. Bxg4 Ra8 34. Nc7 Rxa2 35. Nd5 Re8 36. Bd7 Bxd5 37. Rxe8 Bxb3 38. Rde1 Na5 39. Rxf8+ Kh7 40. Ra8 Bd5 41. c6 1-0

[Event "Oebro CXU Nytaar 2025"]
[Site "Copenhagen"]
[Date "2025.12.30"]
[Round "6.11"]
[White "Slavensky, Asbjorn Vesterkaer"]
[Black "Alzaga, Luis"]
[Result "1/2-1/2"]
[WhiteElo "2118"]
[BlackElo "1996"]
[BlackFideId "1481606"]
[EventDate "2025.12.27"]
[EventType "swiss"]
[EventRounds "7"]
[EventCountry "DEN"]
[SourceTitle "Live v. Obro Skakforening"]

1. d4 Nf6 2. c4 e6 3. Nf3 b6 4. g3 Ba6 5. Qc2 c6 6. Bg2 d5 7. b3 Bb4+ 8. Bd2 Be7 9. O-O O-O 10. a4 c5 11. dxc5 bxc5 12. Na3 Nc6 13. Nb5 Bb7 14. cxd5 exd5 15. Nh4 a6 16. Nc3 Nd4 17. Qd1 Ne4 18. Nf3 Bf6 19. Rc1 Qb6 20. Nxd4 Bxd4 21. Nxe4 dxe4 22. e3 Bf6 23. Bc3 Rad8 24. Qg4 Bxc3 25. Rxc3 Rd3 26. Rfc1 Rxc3 27. Rxc3 Qb4 28. Rc4 Qxb3 29. Rxc5 Qxa4 30. Rc7 Bc6 31. h4 h6 32. Qf4 Bd5 33. Kh2 Re8 34. Qd6 Qa2 35. Rd7 Bc4 36. Rd8 Bb5 37. Qe7 Qa4 38. Rxe8+ Bxe8 39. Bxe4 Qd7 40. Qa3 Qe6 41. Bd3 Qf6 42. Kg1 Bb5 43. Bxb5 axb5 44. Qa8+ Kh7 45. Qe4+ g6 46. Qb4 Qe5 47. e4 Kg7 48. Kg2 h5 49. Kh2 Qf6 1/2-1/2

[Event "Oebro CXU Nytaar 2025"]
[Site "Copenhagen"]
[Date "2025.12.30"]
[Round "6.12"]
[White "Pedersen, Jan Nordenbaek"]
[Black "Ravikumar, Hanesh"]
[Result "0-1"]
[WhiteElo "2171"]
[BlackElo "1907"]
[BlackFideId "1481878"]
[EventDate "2025.12.27"]
[EventType "swiss"]
[EventRounds "7"]
[EventCountry "DEN"]
[SourceTitle "Live v. Obro Skakforening"]

1. Nf3 Nf6 2. c4 c5 3. g3 Nc6 4. Bg2 d5 5. cxd5 Nxd5 6. O-O e5 7. Nc3 Be6 8. Ng5 Qxg5 9. Nxd5 Qd8 10. Ne3 Rc8 11. d3 Be7 12. Bd2 O-O 13. Bc3 f6 14. b3 Qd7 15. Qd2 Rfd8 16. Rfc1 b5 17. Rab1 Bf8 18. Qb2 Nd4 19. Ba5 Re8 20. Bc3 f5 21. Nf1 Bd5 22. e4 Bb7 23. Ne3 f4 24. Bxd4 exd4 25. Nd5 Bxd5 26. exd5 Qg4 27. b4 fxg3 28. hxg3 Re2 29. Qb3 Qf5 30. Rf1 c4 31. dxc4 bxc4 32. Qa4 c3 33. Qxa7 c2 34. Rbc1 d3 35. Qa6 Ree8 36. d6 d2 37. Rxc2 Rxc2 38. Qb5 Qxb5 0-1

[Event "Oebro CXU Nytaar 2025"]
[Site "Copenhagen"]
[Date "2025.12.30"]
[Round "6.13"]
[White "Porte, Henrik"]
[Black "Ramsdal, Mikkel"]
[Result "1/2-1/2"]
[WhiteElo "2122"]
[BlackElo "1935"]
[WhiteFideId "1016326"]
[BlackFideId "1438484"]
[EventDate "2025.12.27"]
[EventType "swiss"]
[EventRounds "7"]
[EventCountry "DEN"]
[SourceTitle "Live v. Obro Skakforening"]

1. d4 Nf6 2. c4 e6 3. Nc3 Bb4 4. Qc2 Bxc3+ 5. Qxc3 Ne4 6. Qc2 f5 7. Nf3 b6 8. e3 Bb7 9. Be2 O-O 10. O-O d6 11. b3 Nd7 12. Bb2 Rf6 13. c5 Bd5 14. cxd6 cxd6 15. Rac1 Rf7 16. Ba3 Qf6 17. Ne1 Qg5 18. Qd3 Qe7 19. f3 Nef6 20. Qd2 Ne8 21. Nd3 Qg5 22. Nf4 Ndf6 23. Rc2 Re7 24. Rfc1 Bb7 25. Nh3 Qg6 26. Kh1 Qh6 27. Nf2 g5 28. Bd3 Qh4 29. Kg1 Rg7 30. Bc4 Kf7 31. Bb5 g4 32. g3 Qh5 33. f4 Kg8 34. Bc6 Nd5 35. Bxb7 Rxb7 36. Rc8 Rbb8 37. R8c6 Rd8 38. e4 Ndf6 39. Qc2 fxe4 40. Nxe4 Qd5 41. Nxf6+ Nxf6 42. Bb2 Qf3 43. Rc3 Qd5 44. Rc7 Kf8 45. Rf1 Ne4 46. Re1 Nf6 47. Qc1 Rd7 48. Rc8+ Rxc8 49. Qxc8+ Kf7 50. Qc2 Qf5 51. Qc4 Nd5 52. Qc8 Rc7 53. Qd8 Rc2 54. Qd7+ Ne7 55. Ba3 Qd5 56. Qxd6 Qg2# 1/2-1/2

[Event "Oebro CXU Nytaar 2025"]
[Site "Copenhagen"]
[Date "2025.12.30"]
[Round "6.14"]
[White "Petersen, Nils"]
[Black "Olsen, Michael Richard W"]
[Result "0-1"]
[WhiteElo "1942"]
[BlackElo "2115"]
[WhiteFideId "1403346"]
[BlackFideId "1440969"]
[EventDate "2025.12.27"]
[EventType "swiss"]
[EventRounds "7"]
[EventCountry "DEN"]
[SourceTitle "Live v. Obro Skakforening"]

1. c4 c5 2. g3 Nc6 3. Bg2 Nf6 4. Nc3 e6 5. e4 d6 6. Nge2 e5 7. d3 h6 8. O-O Be6 9. h3 g5 10. Nd5 Bg7 11. a3 Nd7 12. g4 Nf8 13. Ng3 Ng6 14. Nh5 O-O 15. Rb1 Bh8 16. Ng3 Nf4 17. Nf5 Bxf5 18. exf5 Rb8 19. b4 cxb4 20. axb4 Nd4 21. Bxf4 gxf4 22. b5 a6 23. bxa6 bxa6 24. Rxb8 Qxb8 25. f6 Re8 26. Be4 Qd8 27. g5 hxg5 28. Bh7+ Kf8 29. Qg4 Bxf6 30. h4 Bg7 31. hxg5 Qxg5 32. Qxg5 Nf3+ 33. Kg2 Nxg5 34. Bf5 f3+ 35. Kg3 e4 36. Kg4 Ne6 37. Bxe4 a5 38. Bxf3 a4 39. Bd1 a3 40. Bb3 Nc5 41. Ba2 Nxd3 42. Rb1 Bb2 43. Kf3 Nc1 44. Nc3 Nxa2 45. Nxa2 Rc8 46. Ke3 Rxc4 47. Kd3 Rf4 48. Ke3 Rh4 49. Rd1 Ke7 50. Rd3 Rh3+ 51. f3 Rh1 52. Rb3 Ke6 53. Nb4 Rh4 54. Na2 Bd4+ 55. Kd3 Bc5 56. Nc3 Rh3 57. Ke4 Rh2 58. Na4 Rh4+ 59. f4 f5+ 60. Kd3 Rh3+ 61. Kc2 Rxb3 62. Kxb3 Kd5 63. Nc3+ Kd4 64. Kc2 Ke3 0-1

[Event "Oebro CXU Nytaar 2025"]
[Site "Copenhagen"]
[Date "2025.12.30"]
[Round "6.15"]
[White "Lilja, Richard"]
[Black "Vehl, Tina"]
[Result "1-0"]
[WhiteElo "2104"]
[BlackElo "1873"]
[WhiteFideId "1403109"]
[BlackFideId "1418262"]
[EventDate "2025.12.27"]
[EventType "swiss"]
[EventRounds "7"]
[EventCountry "DEN"]
[SourceTitle "Live v. Obro Skakforening"]

1. e4 c5 2. Be2 d6 3. f4 Nc6 4. Nf3 g6 5. O-O Bg7 6. d3 e6 7. c3 Nge7 8. Be3 b6 9. Nbd2 d5 10. e5 Nf5 11. Bf2 d4 12. Ne4 h5 13. Nfg5 O-O 14. Bxh5 Nce7 15. Bg4 Nd5 16. Qf3 Nh6 17. c4 Ne3 18. Bxe3 dxe3 19. Nd6 Bd7 20. Bh3 Qe7 21. Qxe3 f6 22. Nge4 fxe5 23. fxe5 Nf5 24. Qf4 Bc6 25. Qg4 Be8 26. Nxe8 Qxe8 27. Nd6 Nxd6 28. exd6 Bd4+ 29. Kh1 e5 30. d7 Qe7 31. Qxg6+ Qg7 32. Be6+ Kh8 33. Qh5+ Qh7 34. Rxf8+ Rxf8 35. Qe8 Qh6 36. Rf1 Bf2 37. d8=Q Rxe8 38. Qxe8+ Kg7 39. Qf7+ 1-0

[Event "Oebro CXU Nytaar 2025"]
[Site "Copenhagen"]
[Date "2025.12.30"]
[Round "6.16"]
[White "Kirkebaekke, Mark"]
[Black "Skovgaard, Andreas"]
[Result "0-1"]
[WhiteElo "1940"]
[BlackElo "2098"]
[BlackFideId "1450760"]
[EventDate "2025.12.27"]
[EventType "swiss"]
[EventRounds "7"]
[EventCountry "DEN"]
[SourceTitle "Live v. Obro Skakforening"]

1. e4 c5 2. Nf3 d6 3. d4 cxd4 4. Nxd4 Nf6 5. Nc3 a6 6. Be2 e5 7. Nf3 Be7 8. Bg5 Nbd7 9. Nd2 b5 10. a3 Bb7 11. Be3 Rc8 12. f3 Nb6 13. a4 Rxc3 14. Bxb6 Qxb6 15. bxc3 d5 16. axb5 axb5 17. Qb1 b4 18. cxb4 dxe4 19. c3 O-O 20. Nc4 Qe6 21. Na5 exf3 22. Nxb7 fxe2 23. Qd3 Qc6 24. Qf3 e4 25. Na5 Qc7 26. Qh3 Nd5 27. Nb3 Nf4 28. Qg3 Bh4 0-1

[Event "Oebro CXU Nytaar 2025"]
[Site "Copenhagen"]
[Date "2025.12.30"]
[Round "6.17"]
[White "Elnegaard, Tristan Lund"]
[Black "Saravana, Vedant Kumar"]
[Result "1-0"]
[WhiteElo "1867"]
[BlackElo "2063"]
[WhiteFideId "1480707"]
[BlackFideId "45059730"]
[EventDate "2025.12.27"]
[EventType "swiss"]
[EventRounds "7"]
[EventCountry "DEN"]
[SourceTitle "Live v. Obro Skakforening"]

1. e4 e5 2. Nf3 Nc6 3. d4 exd4 4. Bc4 Bc5 5. c3 Nf6 6. e5 d5 7. Bb5 Ne4 8. cxd4 Bb6 9. Nc3 O-O 10. O-O Bg4 11. Bxc6 bxc6 12. Qd3 Bf5 13. Qe2 f6 14. h3 fxe5 15. Nxe5 Bxd4 16. Nxc6 Qf6 17. Nxd5 Qd6 18. Nde7+ Kh8 19. Nxf5 Rxf5 20. Qxe4 Bxf2+ 21. Kh1 Raf8 22. Be3 Qf6 23. Bd4 Bxd4 24. Rxf5 Qxf5 25. Qxf5 Rxf5 26. Nxd4 Rf2 27. Re1 Kg8 28. Re2 Rf1+ 29. Kh2 Ra1 30. a3 c5 31. Nb5 a6 32. Nd6 g6 33. Rc2 Rb1 34. Ne4 c4 35. Nd2 Rd1 36. Nxc4 Kf7 37. Na5 Rb1 38. Nb3 h5 39. Nc5 1-0

[Event "Oebro CXU Nytaar 2025"]
[Site "Copenhagen"]
[Date "2025.12.30"]
[Round "6.18"]
[White "Rosenlund, Thorbjorn"]
[Black "Paludan, Noah"]
[Result "1-0"]
[WhiteElo "2062"]
[BlackElo "1999"]
[WhiteFideId "1400614"]
[BlackFideId "1474987"]
[EventDate "2025.12.27"]
[EventType "swiss"]
[EventRounds "7"]
[EventCountry "DEN"]
[SourceTitle "Live v. Obro Skakforening"]

1. c4 Nf6 2. Nc3 g6 3. e4 d6 4. g3 Bg7 5. Bg2 O-O 6. Nge2 c5 7. O-O Nc6 8. d3 a6 9. h3 Rb8 10. a4 Bd7 11. Be3 Na5 12. Rb1 b5 13. axb5 axb5 14. cxb5 Bxb5 15. b4 cxb4 16. Nxb5 Rxb5 17. Qa4 Rb8 18. Rxb4 Rxb4 19. Qxb4 Nc6 20. Qa4 Ne5 21. d4 Ned7 22. f4 d5 23. e5 Nb6 24. Qc6 Ne4 25. Bxe4 dxe4 26. Nc3 Qc8 27. d5 Qxc6 28. dxc6 Nc4 29. Bc5 Rc8 30. Nd5 Bf8 31. Rc1 Na5 32. c7 Nb3 33. Rc3 Nxc5 34. Rxc5 e6 35. Nf6+ Kg7 36. Rc4 e3 37. Kf1 h5 38. Ne8+ Kg8 39. Nd6 Rxc7 40. Rxc7 e2+ 1-0

[Event "Oebro CXU Nytaar 2025"]
[Site "Copenhagen"]
[Date "2025.12.30"]
[Round "6.19"]
[White "Kamal, Yogasimman"]
[Black "Hirshals, Valdemar"]
[Result "0-1"]
[WhiteElo "1762"]
[BlackElo "1800"]
[WhiteFideId "1477196"]
[EventDate "2025.12.27"]
[EventType "swiss"]
[EventRounds "7"]
[EventCountry "DEN"]
[SourceTitle "Live v. Obro Skakforening"]

1. e4 e5 2. Nf3 Nc6 3. Bc4 Bc5 4. c3 Nf6 5. d3 d6 6. a4 a5 7. h3 h6 8. Nbd2 O-O 9. O-O Be6 10. Re1 Bxc4 11. Nxc4 Re8 12. Be3 Qd7 13. Qc2 Nh5 14. d4 exd4 15. Nxd4 Nxd4 16. cxd4 Bb4 17. Bd2 Nf6 18. Bxb4 axb4 19. Nd2 d5 20. e5 Nh5 21. Qb3 Nf4 22. Qe3 Qf5 23. g4 Qg5 24. Kh2 Ne6 25. Qxg5 hxg5 26. Nf3 0-1

[Event "Oebro CXU Nytaar 2025"]
[Site "Copenhagen"]
[Date "2025.12.30"]
[Round "6.20"]
[White "Snedker, Oliver Kaehne"]
[Black "Ramsdal, Lasse Andreas"]
[Result "1-0"]
[WhiteElo "1944"]
[BlackElo "1948"]
[WhiteFideId "1470051"]
[EventDate "2025.12.27"]
[EventType "swiss"]
[EventRounds "7"]
[EventCountry "DEN"]
[SourceTitle "Live v. Obro Skakforening"]

1. e4 c5 2. Nf3 d6 3. d4 cxd4 4. Qxd4 Nc6 5. Qe3 Nf6 6. c4 g6 7. Nc3 Bg7 8. h3 O-O 9. Be2 b6 10. O-O Bb7 11. Rb1 Re8 12. Rd1 Nd7 13. b3 Qc8 14. Bb2 Nc5 15. Nd5 Ne5 16. Nxe5 dxe5 17. Ba3 e6 18. Nc3 Bf8 19. b4 Nd7 20. Nb5 Qc6 21. Rbc1 Red8 22. Nc3 Qc8 23. Nb1 a5 24. c5 bxc5 25. bxc5 Qc6 26. f3 Rdc8 27. Qg5 Ba6 28. Bxa6 Rxa6 29. Nd2 f6 30. Qe3 a4 31. Kh2 Bxc5 32. Qd3 Qd6 33. Qe2 Rac6 34. Nc4 Qc7 35. Qd3 Bxa3 36. Qxa3 Rxc4 37. Rxc4 Qxc4 38. Rxd7 Qc5 39. Qxa4 Qc6 40. Qa7 Ra8 41. Rg7+ 1-0

[Event "Oebro CXU Nytaar 2025"]
[Site "Copenhagen"]
[Date "2025.12.30"]
[Round "7.1"]
[White "Nielsen, Viktor Haarmark"]
[Black "Aabling Thomsen, Jakob"]
[Result "1/2-1/2"]
[WhiteElo "2368"]
[BlackElo "2340"]
[WhiteFideId "1444492"]
[BlackFideId "1407589"]
[EventDate "2025.12.27"]
[EventType "swiss"]
[EventRounds "7"]
[EventCountry "DEN"]
[SourceTitle "Live v. Obro Skakforening"]

1. e4 d6 2. d4 Nf6 3. Nc3 g6 4. Nf3 Bg7 5. Be2 O-O 6. O-O a6 7. Re1 b5 8. e5 Nfd7 9. exd6 cxd6 10. a4 b4 11. Nd5 Nc6 12. Bc4 Nb6 13. Bb3 h6 14. Be3 Nxd5 15. Bxd5 Bb7 16. Qd2 Kh7 17. Be4 Qa5 18. c3 Rab8 19. c4 e5 20. dxe5 dxe5 21. Qc2 b3 22. Qxb3 Nd4 23. Bxd4 Bxe4 24. Qc3 Qxc3 25. Bxc3 Bxf3 26. gxf3 Rfc8 27. Bxe5 1/2-1/2

[Event "Oebro CXU Nytaar 2025"]
[Site "Copenhagen"]
[Date "2025.12.30"]
[Round "7.2"]
[White "Heimisson, Hilmir Freyr"]
[Black "Kistrup, Nicolai"]
[Result "0-1"]
[WhiteElo "2303"]
[BlackElo "2365"]
[WhiteFideId "2309998"]
[BlackFideId "1444816"]
[EventDate "2025.12.27"]
[EventType "swiss"]
[EventRounds "7"]
[EventCountry "DEN"]
[SourceTitle "Live v. Obro Skakforening"]

1. d4 Nf6 2. Bg5 c5 3. d5 Ne4 4. h4 g6 5. Nd2 Nxg5 6. hxg5 Bg7 7. c3 b5 8. e4 b4 9. Ngf3 bxc3 10. bxc3 Bxc3 11. Rc1 Bg7 12. e5 d6 13. Bb5+ Bd7 14. Qe2 dxe5 15. Nxe5 Bxb5 16. Qxb5+ Nd7 17. Nc6 Qc7 18. Ne4 h6 19. Nxc5 Rc8 20. Rc4 Qb6 21. Qxb6 Nxb6 22. gxh6 Rxh6 23. Rxh6 Bxh6 24. Nxa7 Ra8 25. Rb4 Nxd5 26. Rb7 Bf4 27. a4 Bb8 28. Nb5 Bd6 29. Nxd6+ exd6 30. Ne4 Ra6 31. Rb5 Nc7 32. Rb4 Kd7 33. Kd2 f5 34. Nc3 Ra5 35. Kd3 Kc6 36. Rh4 Ne6 37. Rc4+ Nc5+ 38. Ke3 Ra8 39. Kf4 d5 40. Rd4 Ne6+ 41. Ke5 Nxd4 42. Kxd4 f4 43. g3 f3 44. g4 g5 45. Ke3 Rf8 46. Nb5 Kc5 47. Nc7 Kc4 48. Kd2 Rf6 49. Ke3 d4+ 50. Kd2 Rb6 51. Kc1 Rc6 52. Nb5 Re6 53. Na3+ Kd3 54. Kb2 Rb6+ 55. Kc1 Ra6 56. Nb5 Rxa4 57. Nd6 Ke2 58. Ne4 Rc4+ 59. Kb2 d3 60. Nd6 Rc2+ 61. Kb3 d2 62. Ne4 d1=Q 63. Nc3+ Rxc3+ 64. Kxc3 Qd5 65. Kb4 Kd3 0-1

[Event "Oebro CXU Nytaar 2025"]
[Site "Copenhagen"]
[Date "2025.12.30"]
[Round "7.3"]
[White "Hansen, Soren Bech"]
[Black "Fries Nielsen, Jens Ove"]
[Result "0-1"]
[WhiteElo "2243"]
[BlackElo "2273"]
[WhiteFideId "1400681"]
[EventDate "2025.12.27"]
[EventType "swiss"]
[EventRounds "7"]
[EventCountry "DEN"]
[SourceTitle "Live v. Obro Skakforening"]

1. e4 g6 2. d4 Bg7 3. Nc3 Nc6 4. Nf3 d6 5. h3 a6 6. a4 Nh6 7. Be3 f5 8. Qd2 fxe4 9. Bxh6 Bxh6 10. Qxh6 exf3 11. Bd3 Kd7 12. O-O-O fxg2 13. Rhe1 Qf8 14. Qe3 Qf7 15. Be4 Rf8 16. Rd2 Kd8 17. Bxg2 Bd7 18. Kb1 Qf4 19. Qe2 Re8 20. Nd5 Qf7 21. Qc4 Rb8 22. Rde2 e6 23. Nc3 d5 24. Qd3 Qf4 25. Qe3 Rf8 26. Rd2 Qf6 27. Nd1 Na5 28. b3 b5 29. axb5 Rxb5 30. Nb2 Rb6 31. Qc3 Nb7 32. Re3 a5 33. Nd3 a4 34. Nc5 axb3 35. cxb3 Nd6 36. Qa5 Nc4 37. Qc3 Nxd2+ 38. Qxd2 Qxf2 39. Re2 Qg1+ 40. Kb2 Kc8 41. h4 Bb5 0-1

[Event "Oebro CXU Nytaar 2025"]
[Site "Copenhagen"]
[Date "2025.12.30"]
[Round "7.4"]
[White "Ravikumar, Hanesh"]
[Black "Hector, Jonny"]
[Result "0-1"]
[WhiteElo "1907"]
[BlackElo "2418"]
[WhiteFideId "1481878"]
[BlackFideId "1700090"]
[EventDate "2025.12.27"]
[EventType "swiss"]
[EventRounds "7"]
[EventCountry "DEN"]
[SourceTitle "Live v. Obro Skakforening"]

1. c4 e5 2. g3 Nf6 3. Bg2 c6 4. d4 e4 5. d5 cxd5 6. cxd5 Bb4+ 7. Bd2 Qe7 8. a3 Bc5 9. Nc3 O-O 10. e3 d6 11. h3 h5 12. Nge2 Bf5 13. O-O Nbd7 14. Nf4 g6 15. Kh2 a6 16. b4 Ba7 17. Re1 Ne5 18. Ra2 Rac8 19. a4 Rc4 20. b5 Rfc8 21. Rc2 axb5 22. axb5 Bb6 23. Ra2 Rxc3 24. Bxc3 Rxc3 25. Ra8+ Kg7 26. Qe2 Qc7 27. Ra2 Nd3 28. Rd1 Nc1 29. Rxc1 Rxc1 30. Rb2 Qc3 31. Ra2 Re1 32. Qd2 Qxd2 33. Rxd2 Rb1 0-1

[Event "Oebro CXU Nytaar 2025"]
[Site "Copenhagen"]
[Date "2025.12.30"]
[Round "7.5"]
[White "Jalving, August"]
[Black "Ramsdal, Jens Albert"]
[Result "0-1"]
[WhiteElo "2231"]
[BlackElo "2317"]
[WhiteFideId "1471759"]
[BlackFideId "1429221"]
[EventDate "2025.12.27"]
[EventType "swiss"]
[EventRounds "7"]
[EventCountry "DEN"]
[SourceTitle "Live v. Obro Skakforening"]

1. e4 c5 2. Nf3 d6 3. d4 cxd4 4. Nxd4 Nf6 5. Nc3 Nc6 6. Bg5 e6 7. Qd2 a6 8. Nxc6 bxc6 9. O-O-O Be7 10. Bxf6 gxf6 11. Bc4 Bb7 12. Bb3 Qc7 13. Qe2 h5 14. f4 O-O-O 15. Rhe1 Bf8 16. Kb1 d5 17. f5 Qxh2 18. Rh1 Qe5 19. Rxh5 Bb4 20. Rxh8 Rxh8 21. fxe6 fxe6 22. Qg4 Bxc3 23. bxc3 Qxe4 24. Qxe4 dxe4 25. Bxe6+ Kc7 26. Rd7+ Kb6 27. Re7 Rh5 28. Bh3 f5 29. Kc1 Bc8 30. Re5 Kc7 31. Kd2 Kd6 32. Re8 Be6 33. Ra8 Rg5 34. Re8 Rg6 35. Ke3 Ke5 36. Kf2 Rg8 37. Re7 Rb8 38. Rc7 Kd6 39. Ra7 Rb2 40. Rxa6 Rxc2+ 41. Ke1 Rxc3 42. a4 e3 43. Ra8 Bc4 44. Rd8+ Ke5 45. Rd1 Rc2 46. Ra1 Re2+ 47. Kd1 Rf2 48. g3 Rh2 0-1

[Event "Oebro CXU Nytaar 2025"]
[Site "Copenhagen"]
[Date "2025.12.30"]
[Round "7.6"]
[White "Falkesgaard, Jeppe Hald"]
[Black "Gregor, Bjarke"]
[Result "1-0"]
[WhiteElo "2240"]
[BlackElo "2056"]
[WhiteFideId "1464981"]
[BlackFideId "1423401"]
[EventDate "2025.12.27"]
[EventType "swiss"]
[EventRounds "7"]
[EventCountry "DEN"]
[SourceTitle "Live v. Obro Skakforening"]

1. d4 Nf6 2. c4 e6 3. Nc3 Bb4 4. e3 b6 5. Bd3 Bb7 6. Nf3 O-O 7. O-O Bxc3 8. bxc3 d6 9. Nd2 e5 10. e4 Nc6 11. Bb2 Ne7 12. f4 exf4 13. Rxf4 Ng6 14. Rf1 Qe7 15. Qf3 Rae8 16. Rae1 Qd7 17. g3 Qa4 18. a3 Re7 19. Re2 Rfe8 20. h4 Bc8 21. Ref2 Bg4 22. Qe3 Qd7 23. Rxf6 gxf6 24. Qh6 Bh3 25. Rf3 Qg4 26. e5 Rxe5 27. dxe5 Rxe5 28. Kf2 Rh5 29. Qe3 Ne5 30. Ne4 Qe6 31. Nxf6+ Kh8 32. Qe4 Nxd3+ 33. Qxd3 Bf5 34. Nxh5 Bxd3 35. Rxd3 Qxc4 36. Nf4 Kg8 37. Rd2 f5 38. Nd5 Kf7 39. Ne3 Qe4 40. Rd5 Qb1 41. Rxf5+ Ke6 42. Rb5 c6 43. Rb4 b5 44. Ke2 a5 45. Rb3 Kd7 46. Kd2 d5 47. g4 Qh1 48. Bc1 Qxh4 49. Kc2 Qf2+ 50. Bd2 Qf3 51. Rb1 Qe4+ 52. Kb2 Qd3 53. Rd1 a4 54. Kc1 b4 55. axb4 a3 56. Nc2 a2 57. Kb2 a1=Q+ 58. Nxa1 Qe2 59. Kc1 Qxg4 60. Nb3 Qc4 61. Nc5+ Kc7 62. Rh1 h5 63. Rxh5 Qf1+ 64. Kc2 Qf7 65. Rh8 Qg6+ 66. Kb2 Qg2 67. Rh7+ Kd6 68. Rd7+ Ke5 69. Re7+ Kf6 70. Re6+ Kf7 71. Kc1 Qf1+ 72. Re1 Qc4 73. Kb2 d4 74. Re4 dxc3+ 75. Bxc3 Qf1 76. Rd4 Qg2+ 77. Rd2 Qg5 78. Rf2+ Ke8 79. Rf8+ 1-0

[Event "Oebro CXU Nytaar 2025"]
[Site "Copenhagen"]
[Date "2025.12.30"]
[Round "7.7"]
[White "Moe, Mogens"]
[Black "Peitersen, Andreas"]
[Result "1/2-1/2"]
[WhiteElo "2097"]
[BlackElo "2054"]
[WhiteFideId "1400550"]
[BlackFideId "1479814"]
[EventDate "2025.12.27"]
[EventType "swiss"]
[EventRounds "7"]
[EventCountry "DEN"]
[SourceTitle "Live v. Obro Skakforening"]

1. e4 c6 2. d4 d5 3. exd5 cxd5 4. c4 Nf6 5. Nc3 e6 6. Nf3 dxc4 7. Bxc4 Be7 8. O-O a6 9. a4 Nc6 10. Be3 O-O 11. Qe2 Nb4 12. Rad1 Nbd5 13. Bg5 Nxc3 14. bxc3 Qa5 15. Qc2 Bd7 16. Bb3 Rac8 17. c4 h6 18. Bd2 Bb4 19. Ne5 Bxd2 20. Qxd2 Qxd2 21. Rxd2 Rfd8 22. f3 1/2-1/2